| 000 | 00903cab a22002175a 4500 | ||
|---|---|---|---|
| 001 | L148400 | ||
| 008 | 090914s2009 xxk f g 000 0 eng d | ||
| 035 | _a(Sirsi) u148400 | ||
| 041 | 0 | _aeng | |
| 245 | 0 | 0 |
_aOffice of Fair Trading v Foxtons _ba decision on renewal and commission fees |
| 260 | _c2009 | ||
| 490 |
_aLetting Update Journal _v17(2) July 2009, 21-22 (2) |
||
| 520 | _aCommentary on the court's judgment on the case "Office of Fair Trading v Foxtons Limited" of 10 July 2009. Highlights the need for contracts to be written in plain language and to be fair. See also L144570, L147161 and L147997. | ||
| 590 | _aKA | ||
| 650 | 2 | 4 | _aOFFICE OF FAIR TRADING V FOXTONS LTD |
| 650 | 2 | 4 | _aUNFAIR TERMS IN CONSUMER CONTRACTS 1999 |
| 651 | 4 |
_aEngland and Wales _y1543- |
|
| 690 | _aMANAGEMENT-PROJECT MANAGEMENT-CONTRACT ADMINISTRATION | ||
| 690 |
_aLandlord and tenant _96252 |
||
| 942 | _n0 | ||
| 999 |
_c81823 _d81823 |
||